Central Library || Chittagong University

Heroic deeds of Muslim woman ./ (Record no. 110940)

MARC details
000 -LEADER
fixed length control field 00438nam a22001577a 4500
003 - CONTROL NUMBER IDENTIFIER
control field BD-ChCU
005 - DATE AND TIME OF LATEST TRANSACTION
control field 20260112140850.0
008 - FIXED-LENGTH DATA ELEMENTS--GENERAL INFORMATION
fixed length control field 260112b bg ||||| |||| 00| 0 ben d
040 ## - CATALOGING SOURCE
Transcribing agency BD-ChCU
082 ## - DEWEY DECIMAL CLASSIFICATION NUMBER
Classification number 297.993 SUH
100 ## - MAIN ENTRY--PERSONAL NAME
Personal name Sulaiman Nadvi , Allama Syed .
9 (RLIN) 19047
245 ## - TITLE STATEMENT
Title Heroic deeds of Muslim woman ./
Statement of responsibility, etc. Allama Syed , Sulaiman Nadvi .
Medium
260 ## - PUBLICATION, DISTRIBUTION, ETC.
Place of publication, distribution, etc. Lahore :
Name of publisher, distributor, etc. Ashraf ,
Date of publication, distribution, etc. C 1967
300 ## - PHYSICAL DESCRIPTION
Extent 65p
942 ## - ADDED ENTRY ELEMENTS (KOHA)
Source of classification or shelving scheme Dewey Decimal Classification
Koha item type Books
Suppress in OPAC No
Holdings
Withdrawn status Lost status Source of classification or shelving scheme Damaged status Not for loan Home library Current library Shelving location Date acquired Source of acquisition Total Checkouts Full call number Barcode Date last seen Copy number Price effective from Koha item type
    Dewey Decimal Classification     Chittagong University Library Chittagong University Library Arts and Humanities Reading Room 01/12/2026 Purchase   297.993 SUH 39292 01/12/2026 C-1 01/12/2026 Books
    Dewey Decimal Classification     Chittagong University Library Chittagong University Library Arts and Humanities Reading Room 01/12/2026 Purchase   297.993 SUH 39293 01/12/2026 C-2 01/12/2026 Books
© Copyright 2025. Chittagong University Library, Installation and Maintenance by Prof. Dr. Md. Alamgir, 01711306253